Building houses or creating communities? (Record no. 107128)

MARC details
000 -LEADER
fixed length control field 01616cad a22002415a 4500
001 - CONTROL NUMBER
control field L138329
008 - FIXED-LENGTH DATA ELEMENTS--GENERAL INFORMATION
fixed length control field 070530s2007 xxko f 000 0 eng d
035 ## - SYSTEM CONTROL NUMBER
System control number (Sirsi) u138329
041 0# - LANGUAGE CODE
Language code of text/sound track or separate title eng
050 04 - LIBRARY OF CONGRESS CALL NUMBER
Classification number 711.1 $2 18
110 2# - MAIN ENTRY--CORPORATE NAME
Corporate name or jurisdiction name as entry element Sustainable Development Commission
9 (RLIN) 4213
245 00 - TITLE STATEMENT
Title Building houses or creating communities?
Remainder of title a review of government progress on sustainable communities
Medium [electronic resource]
260 ## - PUBLICATION, DISTRIBUTION, ETC.
Place of publication, distribution, etc. [S.l.]
Name of publisher, distributor, etc. SDC
Date of publication, distribution, etc. 2007
520 ## - SUMMARY, ETC.
Summary, etc. Assesses the progress government has made on its promise to create sustainable communities and looks at how its interventions in growth areas and the housing market renewal areas are being reconciled with the five key principles for sustainable development. Discusses the environmental impacts of government's housing and communities policies, whether the policies are helping to create a strong and healthy society and economy, and whether they are being delivered and monitored effectively. Recommendations include connecting new housing with existing communities, increasing standards for water and energy efficiency measures, and consulting residents extensively about the future of their communities.
590 ## - LOCAL NOTE (RLIN)
Local note KA
650 24 - SUBJECT ADDED ENTRY--TOPICAL TERM
Topical term or geographic name entry element SUSTAINABLE COMMUNITIES: BUILDING FOR THE FUTURE
650 24 - SUBJECT ADDED ENTRY--TOPICAL TERM
Topical term or geographic name entry element HOUSING MARKET RENEWAL AREAS
651 #4 - SUBJECT ADDED ENTRY--GEOGRAPHIC NAME
Geographic name England
Chronological subdivision 886-
690 ## - LOCAL SUBJECT ADDED ENTRY--TOPICAL TERM (OCLC, RLIN)
Topical term or geographic name as entry element PROPERTY-PROPERTY MANAGEMENT-REGENERATION
690 ## - LOCAL SUBJECT ADDED ENTRY--TOPICAL TERM (OCLC, RLIN)
Topical term or geographic name as entry element PROPERTY-RESIDENTIAL PROPERTY-RESIDENTIAL PROPERTY DEVELOPMENT
856 40 - ELECTRONIC LOCATION AND ACCESS
Uniform Resource Identifier <a href="https://www.sd-commission.org.uk/publications.php?id=558">https://www.sd-commission.org.uk/publications.php?id=558</a>
Public note View the report free of charge at www.sd-commission.org.uk...
942 ## - ADDED ENTRY ELEMENTS (KOHA)
Suppress in OPAC 0
Holdings
Withdrawn status Lost status Source of classification or shelving scheme Damaged status Not for loan Home library Current library Shelving location Date acquired Total Checkouts Full call number Barcode Date last seen Copy number Price effective from Koha item type
    Dewey Decimal Classification     Virtual Virtual Online 30/05/2007   ONLINE PUBLICATION 138329-2001 06/08/2019 1 06/08/2019 Book